| 000 | 00938nam a22002897a 4500 | ||
|---|---|---|---|
| 001 | 5363 | ||
| 003 | FISKH | ||
| 005 | 20241128124810.0 | ||
| 008 | 241128b cb ||||| |||| 00| 0 eng d | ||
| 020 | _a0590339834 | ||
| 040 |
_aFISKH _beng _cFISKH _dFISKH |
||
| 050 | _aPZ7.V746 | ||
| 082 | _a813 | ||
| 100 | _aGray, Elizabeth Janet | ||
| 245 |
_aAdam of the Road / _cby Elizabeth Janet Gray |
||
| 260 |
_aNew York : _bScholastic ; _c1942. |
||
| 300 |
_a320 pages : _billustrations ; _c18 cm . |
||
| 505 | _aZ | ||
| 520 | _aThe adventures of eleven-year-old Adam as he travels the open roads of thirteenth-century England searching for his missing father, a minstrel, and his stolen red spaniel, Nick. | ||
| 521 | 8 |
_a1030
_bLexile |
|
| 521 | 8 |
_aZ
_bRaz-Plus |
|
| 650 |
_amedieval _vFiction |
||
| 650 |
_aMiddle Ages _vFiction |
||
| 700 |
_aLawson, Robert _eillustrator |
||
| 942 |
_2ddc _cBK _n0 |
||
| 999 |
_c5363 _d5363 |
||